000 00367pam a2200157a 44500
008 230515b1995 xxu||||| |||| 00| 0 eng d
020 _a0
041 _aHINDI
082 _a615.2 PAN
100 _aPANDEY B.N.
245 _aAYURVEDIY RASASHASTRA
250 _aN.D.
260 _aVARANSI
_bCHAUKHAMBA SURBHARATI PRAKASHAN
_c1995
300 _a264
650 _aN.D.
999 _c490322
_d490322